Normal view
MARC view
Entry Topical Term
001 - CONTROL NUMBER
- control field: 17546
003 - CONTROL NUMBER IDENTIFIER
- control field: HDC
005 - DATE AND TIME OF LATEST TRANSACTION
- control field: 20230624073516.0
008 - FIXED-LENGTH DATA ELEMENTS
- fixed length control field: 210228|| aca||aabn | a|a d
040 ## - CATALOGING SOURCE
- Original cataloging agency: HDC
- Transcribing agency: HDC
150 ## - HEADING--TOPICAL TERM
- Topical term or geographic name entry element: Halal meals
670 ## - SOURCE DATA FOUND
- Source citation: Work cat.: (HDC): Mona Khan author 17545, Pakistan: US sends 50,000 Halal meals for flood victims / by, 2010
